Uchhatar madhyamik banijyik patiganit aru prathamik parishankhya vigyan (Record no. 5577)

MARC details
000 -LEADER
fixed length control field 00568cam a2200205ua 4500
008 - FIXED-LENGTH DATA ELEMENTS--GENERAL INFORMATION
fixed length control field 140304n ii |||gr||||Z||||||asm
020 ## - INTERNATIONAL STANDARD BOOK NUMBER
International Standard Book Number 81-7096-185-8
040 ## - CATALOGING SOURCE
Transcribing agency MAIN
082 ## - DEWEY DECIMAL CLASSIFICATION NUMBER
Classification number 513
245 ## - TITLE STATEMENT
Title Uchhatar madhyamik banijyik patiganit aru prathamik parishankhya vigyan
Statement of responsibility, etc. By N.K. Nag
250 ## - EDITION STATEMENT
Edition statement 3rd ed.
260 ## - PUBLICATION, DISTRIBUTION, ETC.
Place of publication, distribution, etc. Ludhiana:
Name of publisher, distributor, etc. Kalyani publishers,
Date of publication, distribution, etc. 1998.
300 ## - PHYSICAL DESCRIPTION
Extent viii,537p.
700 ## - ADDED ENTRY--PERSONAL NAME
Personal name Nag,N.K.,
Relator term
700 ## - ADDED ENTRY--PERSONAL NAME
Personal name Chanda,S.C.,
Relator term
942 ## - ADDED ENTRY ELEMENTS (KOHA)
Koha item type Books
653 ## - INDEX TERM--UNCONTROLLED
Uncontrolled term Arithmetic
653 ## - INDEX TERM--UNCONTROLLED
Uncontrolled term Business mathematics & statistics
Holdings
Withdrawn status Lost status Damaged status Not for loan Home library Current library Shelving location Date acquired Total Checkouts Full call number Barcode Date last seen Copy number Price effective from Koha item type
        Central Library, Naharkatiya College Central Library, Naharkatiya College General Stacks 19/09/2020   513 | NAG 13481 19/09/2020 5 19/09/2020 Books
        Central Library, Naharkatiya College Central Library, Naharkatiya College General Stacks 19/09/2020   513 | NAG 13482 19/09/2020 1 19/09/2020 Books
        Central Library, Naharkatiya College Central Library, Naharkatiya College General Stacks 19/09/2020   513 | NAG 13483 19/09/2020 2 19/09/2020 Books
        Central Library, Naharkatiya College Central Library, Naharkatiya College General Stacks 19/09/2020   513 | NAG 13490 19/09/2020 4 19/09/2020 Books
        Central Library, Naharkatiya College Central Library, Naharkatiya College General Stacks 19/09/2020   513 | NAG 13492 19/09/2020 3 19/09/2020 Books

Naharkatiya College © 2020. All rights reserved.

Powered By